Lie Groups /

Guardat en:
Dades bibliogràfiques
Autor principal: Cohn, P. M.
Format: Sách giấy
Idioma:English
Publicat: Cambridge : Cambridge University , 1968
Etiquetes: Afegir etiqueta
Sense etiquetes, Sigues el primer a etiquetar aquest registre!
Thư viện lưu trữ: Thư viện Trường Đại học Đà Lạt
LEADER 00543nam a2200241 4500
001 DLU020011188
005 ##12/24/1999
041 # # |a eng 
082 # # |a 512.2  |b CO-P 
090 # # |a 512.2  |b CO-P 
100 # # |a Cohn, P. M. 
245 # # |a Lie Groups /  |c Cohn P. M. 
260 # # |a Cambridge :  |b Cambridge University ,  |c 1968 
300 # # |a VI, 164 tr.;   |c 22 cm. 
992 # # |a 3500 
994 # # |a DLU 
900 # # |a False 
911 # # |a Administrator 
925 # # |a G 
926 # # |a A 
927 # # |a SH 
980 # # |a Thư viện Trường Đại học Đà Lạt